Trigonometrical survey of New South Wales: register of co-ordinates and bearings for City of Sydney and environs...1890 (Record no. 88750)

MARC details
000 -LEADER
fixed length control field 00580cam a2200193 4500
001 - CONTROL NUMBER
control field J895
008 - FIXED-LENGTH DATA ELEMENTS--GENERAL INFORMATION
fixed length control field 090401t1891 xxu||||| |||| 00| 0 eng d
035 ## - SYSTEM CONTROL NUMBER
System control number (Sirsi) u25503
041 ## - LANGUAGE CODE
Language code of text/sound track or separate title eng
050 ## - LIBRARY OF CONGRESS CALL NUMBER
Classification number 526.330994
100 ## - MAIN ENTRY--PERSONAL NAME
Personal name Twynam, E.
245 ## - TITLE STATEMENT
Title Trigonometrical survey of New South Wales: register of co-ordinates and bearings for City of Sydney and environs...1890
260 ## - PUBLICATION, DISTRIBUTION, ETC.
Place of publication, distribution, etc. Sydney
Name of publisher, distributor, etc. Printed by George Stephen Chapman
Date of publication, distribution, etc. 1891
300 ## - PHYSICAL DESCRIPTION
Extent 114p. ; 25cm.
350 ## - PRICE (NR) (BK AM CF MU VM SE) [OBSOLETE]
Price 0
710 ## - ADDED ENTRY--CORPORATE NAME
Corporate name or jurisdiction name as entry element New South Wales Department of Lands
9 (RLIN) 401
942 ## - ADDED ENTRY ELEMENTS (KOHA)
Suppress in OPAC 0
948 ## - LOCAL PROCESSING INFORMATION (OCLC); SERIES PART DESIGNATOR (RLIN)
c (OCLC) 04/03/1997
Holdings
Withdrawn status Lost status Source of classification or shelving scheme Damaged status Not for loan Home library Current library Shelving location Date acquired Total Checkouts Full call number Barcode Date last seen Copy number Price effective from Koha item type
    Dewey Decimal Classification     London London Basement 19/08/1992   SHELF 132 30033865 06/08/2019 1 06/08/2019 Book